Online
Catalog

UML gota a gota / (Record no. 1617)

MARC details
000 -CABECERA
campo de control de longitud fija 01096nam a2200301 a 4500
001 - NÚMERO DE CONTROL
campo de control 000001739
005 - FECHA Y HORA DE LA ÚLTIMA TRANSACCIÓN
campo de control 20200929145701.0
008 - DATOS DE LONGITUD FIJA--INFORMACIÓN GENERAL
campo de control de longitud fija 970417s1999 mx a b 001 0 spa
020 ## - NÚMERO INTERNACIONAL ESTÁNDAR DEL LIBRO
Número Internacional Estándar del Libro 9684443641
040 ## - FUENTE DE LA CATALOGACIÓN
Centro catalogador/agencia de origen DO-SdBNP
Lengua de catalogación spa
Centro/agencia transcriptor BNPHU
041 17 - CÓDIGO DE LENGUA
Código de lengua del texto/banda sonora o título independiente spa
Código de lengua original eng
Fuente del código Código de idioma MARC
082 ## - NÚMERO DE LA CLASIFICACIÓN DECIMAL DEWEY
Número de clasificación 005.12
Número de documento/Ítem F785u
100 1# - ENTRADA PRINCIPAL--NOMBRE DE PERSONA
Nombre de persona Fowler, Martin
Fechas asociadas al nombre 1963-
9 (RLIN) 5658
240 10 - TÍTULO UNIFORME
Título uniforme UML distilled.
Lenguaje de la obra Español
245 10 - MENCIÓN DE TÍTULO
Título UML gota a gota /
Mención de responsabilidad, etc. Martin Fowler, Kendall Scott ; traducción, Jaime González V.
260 ## - PUBLICACIÓN, DISTRIBUCIÓN, ETC.
Lugar de publicación, distribución, etc. México :
Nombre del editor, distribuidor, etc. Addison Wesley Longman :
-- Peason :
-- Prentice,
Fecha de publicación, distribución, etc. 1999.
300 ## - DESCRIPCIÓN FÍSICA
Extensión xx, 203 p. :
Otras características físicas il. ;
Dimensiones 24 cm.
504 ## - NOTA DE BIBLIOGRAFÍA, ETC.
Nota de bibliografía, etc. Incluye referencias bibliográficas.
534 ## - NOTA SOBRE LA VERSIÓN ORIGINAL
Encabezamiento principal del original Título original:
Mención de título del original UML distilled.
650 #4 - PUNTO DE ACCESO ADICIONAL DE MATERIA--TÉRMINO DE MATERIA
Término de materia o nombre geográfico como elemento de entrada Programas informáticos
Subdivisión general Desarrollo
9 (RLIN) 5659
650 #4 - PUNTO DE ACCESO ADICIONAL DE MATERIA--TÉRMINO DE MATERIA
Término de materia o nombre geográfico como elemento de entrada Informática
9 (RLIN) 5660
650 #4 - PUNTO DE ACCESO ADICIONAL DE MATERIA--TÉRMINO DE MATERIA
Término de materia o nombre geográfico como elemento de entrada Uml (informática)
9 (RLIN) 5661
650 #4 - PUNTO DE ACCESO ADICIONAL DE MATERIA--TÉRMINO DE MATERIA
Término de materia o nombre geográfico como elemento de entrada Programación (computadores electrónicos)
9 (RLIN) 3871
700 1# - PUNTO DE ACCESO ADICIONAL--NOMBRE DE PERSONA
Nombre de persona Scott, Kendall,
Fechas asociadas al nombre 1960-
9 (RLIN) 5662
700 1# - PUNTO DE ACCESO ADICIONAL--NOMBRE DE PERSONA
Nombre de persona González V., Jaime,
Término indicativo de función/relación tr.
9 (RLIN) 5663
700 1# - PUNTO DE ACCESO ADICIONAL--NOMBRE DE PERSONA
Nombre de persona Morales Peake, David,
Término indicativo de función/relación tr.
9 (RLIN) 5664
910 ## - DATOS DE OPCIÓN DEL USUARIO (OCLC)
Datos de opción del usuario Catalogación original noche
Holdings
Estado de retiro Estado de pérdida Restricciones de uso No para préstamo Código de colección Localización permanente Ubicación/localización actual Ubicación en estantería Fecha de adquisición Número de inventario Total de préstamos Signatura topográfica completa Código de barras Fecha visto por última vez Precio válido a partir de Tipo de ítem Koha
    Préstamo interno   Monografías: Libros y Folletos General General Depósito 04.09.2009 LF1   005.12 F785u 1739-10 25.06.2020 25.06.2020 Préstamo interno

Powered by Koha